00728nam a2200205Ia 4500003000900000008004100009020001800050040001600068080002300084245006800107260003700175300001300212490005100225650003400276650001800310700002900328942000700357999001700364952014100381IN-BaIIA211028s9999 xx 000 0 eng d a0-7923-6671-9 cIIA Library a52(082.1)bASS-256 0aOrganizations and strategies in astronomycedited by Andre Heck aDordrechtbKluwer Academicc2000 ax, 221p. aAstrophysics and space science library; v. 256 aProfessional astronomy925926 aSpace science aHeck, Andre., ed.917833 cBK c14576d14576 00104070aBANbBANcGENd2002-04-15eANJ g4081.70l0o52(082.1)/ ASS-256p15498r2021-11-05v4081.70w2002-04-15yBKGRs. 4081.70